| 000 | 00382nam a2200157Ia 4500 | ||
|---|---|---|---|
| 008 | 210210b1970 xxu||||| |||| 00| 0 eng d | ||
| 082 | _a530 NOAN | ||
| 100 | _aNOAKES (G R). | ||
| 245 | _aNew intermediate physics. Ed.5 | ||
| 250 | _a | ||
| 260 |
_aNY _bMacmillan & Co. Ltd. _c1970 |
||
| 300 | _aviii,989 | ||
| 650 | _aIntermediate physics | ||
| 690 | _aPhysics | ||
| 906 | _a039574 | ||
| 999 |
_c89614 _d89614 |
||